Stolice Obu Ameryk (Bardzo Trudne +) - Statystyki

Ogólne statystyki
  • Ten quiz został rozwiązany 95 razy
    51 od ostatniego zresetowania
  • Średni wynik to 38 z 57
Statystyki odpowiedzi
Kraj Stolica % Poprawnych
Gwatemala Gwatemala
100%
Meksyk Meksyk
100%
Panama Panama
100%
Salwador San Salvador
100%
Brazylia Brasília
94%
Jamajka Kingston
94%
Urugwaj Montevideo
94%
Kanada Ottawa
94%
Ekwador Quito
94%
Chile Santiago
94%
Haiti Port-au-Prince
89%
Dominkana Santo Domingo
89%
Honduras Tegucigalpa
89%
Stany Zjednoczone Waszyngton
89%
Nikaragua Managua
83%
Trynidad i Tobago Port of Spain
83%
Saint Kitts i Nevis Basseterre
78%
Argentyna Buenos Aires
78%
Wenezuela Caracas
78%
Gujana Georgetown
78%
Kuba Hawana
78%
Peru Lima
78%
Bahamy Nassau
78%
Grenada Saint George's
78%
Belize Belmopan
72%
Kolumbia Bogota
72%
Saint Lucia Castries
72%
Gujana Francuska Kajenna
72%
Saint Vincent i Grenadyny Kingstown
72%
Antigua i Barbuda Saint John's
72%
Kostaryka San José
72%
Barbados Bridgetown
67%
Surinam Paramaribo
67%
Portoryko San Juan
67%
Boliwia Sucre/ La paz
67%
Paragwaj Asunción
61%
Grenlandia Nuuk
61%
Falklandy Stanley
61%
Dominika Roseau
56%
Kajmany George Town
50%
Curaçao Willemstad
50%
Bermudy Hamilton
44%
Wyspy Dziewicze Stanów Zjednoczonych Charlotte Amalie
39%
Martynika Fort-de-France
39%
Aruba Oranjestad
39%
Saba The Bottom
39%
Gwadelupa Basse-Terre
33%
Turks i Caicos Cockburn Town
33%
Sint Maarten Philipsburgh
33%
Montserrat Plymouth/ Brades
33%
Brytyjskie Wyspy Dziewicze Road Town
33%
Saint-Pierre i Miquelon Saint-Pierre
33%
Anguilla The Valley
33%
Saint-Barthélemy Gustavia
28%
Bonaire Kralendijk
28%
Sint Eustatius Oranjestad
28%
Saint-Martin Marigot
17%
Nie znaleziono quizów pasujących do podanych kryteriów
Rozkład punktacji
Procent ludzi z każdym wynikiem
Percentyl według liczby udzielonych odpowiedzi
Twoja historia wyników
Nie rozwiązałeś tego quizu od ostatniego zresetowania